书目信息 |
| 题名: |
地下防水工程质量验收规范GB50208-2011
|
|
| 作者: | 山西省建设厅 主编 | |
| 分册: | ||
| 出版信息: | 北京 中国建筑工业出版社 2012.10 |
|
| 页数: | 165页 | |
| 开本: | 20cm | |
| 丛书名: | ||
| 单 册: | ||
| 中图分类: | TU761.11-62 | |
| 科图分类: | ||
| 主题词: | 建筑工程--工程施工 | |
| 电子资源: | ||
| ISBN: | ||
| 000 | 00663nam0 2200193 45 | |
| 001 | 138721 | |
| 005 | 20140912085056.71 | |
| 010 | @dCNY 28.00 | |
| 100 | @a20020604d2012 km y0chiy0120 ea | |
| 101 | 0 | @achi |
| 102 | @aCN@b110000 | |
| 200 | 1 | @a地下防水工程质量验收规范GB50208-2011@Adi xia fang shui gong cheng zhi liang yan shou gui fan GB50208-2011@f山西省建设厅主编@FShan Xi Sheng Jian She Ting Zhu Bian |
| 210 | @a北京@c中国建筑工业出版社@d2012.10 | |
| 215 | @a165页@d20cm | |
| 606 | 0 | @a建筑工程@x工程施工 |
| 690 | @aTU761.11-62@v3 | |
| 701 | 0 | @a山西省建设厅@AShan Xi Sheng Jian She Ting@4主编 |
| 801 | 0 | @aCN@bPFT@c20140912 |
| 905 | @a241430@dTU761.11-62@eS133 | |
| 地下防水工程质量验收规范GB50208-2011/山西省建设厅主编.-北京:中国建筑工业出版社,2012.10 |
| 165页;20cm |
| ISBN :CNY 28.00 |
| ● |
| 相关链接 |
|
|
|
正题名:地下防水工程质量验收规范GB50208-2011
索取号:TU761.11-62/S133
 
预约/预借
| 序号 | 登录号 | 条形码 | 馆藏地/架位号 | 状态 | 备注 |
| 1 | 0830591 | 208305911 | 市政与环境工程学院资料室/ [索取号:TU761.11-62/S133] | 在馆 | |
| 2 | 0830592 | 208305920 | 市政与环境工程学院资料室/ [索取号:TU761.11-62/S133] | 在馆 |